000
00221nam a2200097Ia 4500
005
20251222114407.0
008
251222s1900||||xx |||||||||||||| ||spa||
082
_a
DVD0070/P31/2006
245
0
_a
Ostrov:Exorcismo
942
_c
DVD
999
_c
1888
_d
1888